| 000 | 01488nam0a22003131 4500 | ||
|---|---|---|---|
| 001 | v19\rc\1974941 | ||
| 005 | 20251118181134.2 | ||
| 035 | _a(NLR Aleph) 005058954 | ||
| 090 |
_a6975440 _c6975440 |
||
| 100 | _a20251123 rusy50 | ||
| 101 | 0 | _arus | |
| 102 | _aRU | ||
| 105 | _aa z ||||| | ||
| 200 | 1 |
_aВ Хушо-цайдаме _f[Соч.] В.Л. Котвича |
|
| 210 |
_aСанкт-Петербург _cСенат. тип. _d1914 |
||
| 215 |
_a50-54 с., 2 л. ил. _d27 |
||
| 309 | _aБез тит. л. | ||
| 311 | _aОтт. из "Тр. Троицкосав.-Кяхт. отд. Приамур. отд. Имп. Рус. геогр. о-ва". Т. 15, вып. 1, 1912 | ||
| 488 | 0 |
_12001#$aТруды Троицкосавско-Кяхтинского отделения Приамурского отдела Императорского Русского географического общества$v1912, т. 15, вып. 1 _tТруды Троицкосавско-Кяхтинского отделения Приамурского отдела Императорского Русского географического общества |
|
| 700 | 1 |
_aКотвич _bВ.Л. _f1872-1944 _gВладислав Людвигович |
|
| 801 | 0 |
_aRU _bNLR _gpsbo |
|
| 801 | 0 |
_aRU _bRuMoRGB _2psbo |
|
| 801 | 1 |
_aRU _bProSoft-M _2rusmarc |
|
| 852 |
_aNLR _j37.57.3.203 |
||
| 899 | _aБАН | ||
| 899 | _aНБ СПбГУ | ||
| 899 | _aНБ МГУ | ||
| 942 | _cBOOK | ||
| 980 | _aNB | ||